The noble scholar, jurist, historian


 His Excellency Dr. Abdul Wahhab bin Ibrahim Abu Sulaiman, may Allah have mercy on him.


 He was born in Umm Al-Qura in the year 1356 AH.

تعارض البينات في الفقه الإسلامي : (Record no. 7137)

MARC details
000 -LEADER
fixed length control field 02953cam a2200337 i 4500
003 - CONTROL NUMBER IDENTIFIER
control field SA-RiAUC
005 - DATE AND TIME OF LATEST TRANSACTION
control field 20250417081628.0
008 - FIXED-LENGTH DATA ELEMENTS--GENERAL INFORMATION
fixed length control field 250416s1992 su f b 00000 ara c
024 0# - OTHER STANDARD IDENTIFIER
Standard number or code 00000000989518
040 ## - CATALOGING SOURCE
Original cataloging agency SA-RiAUC
Language of cataloging ara
Transcribing agency SA-RiAUC
Modifying agency AE-DuMBRL
Description conventions rda
050 #4 - LIBRARY OF CONGRESS CALL NUMBER
Item number .S55 1992
082 04 - DEWEY DECIMAL CLASSIFICATION NUMBER
Classification number 258
Assigning agency SA-RiAUC
090 ## - LOCALLY ASSIGNED LC-TYPE CALL NUMBER (OCLC); LOCAL CALL NUMBER (RLIN)
Classification number (OCLC) (R) ; Classification number, CALL (RLIN) (NR) 258
Local cutter number (OCLC) ; Book number/undivided call number, CALL (RLIN) ش ن ق
100 1# - MAIN ENTRY--PERSONAL NAME
Personal name الشنقيطي، محمد عبد الله محمد
Relator term مؤلف.
245 10 - TITLE STATEMENT
Title تعارض البينات في الفقه الإسلامي :
Remainder of title دراسة مقارنة بين المذاهب الأربعة /
Statement of responsibility, etc. تأليف محمد عبد الله محمد الشنقيطي.
250 ## - EDITION STATEMENT
Edition statement الطبعة الأولى.
264 #1 - PRODUCTION, PUBLICATION, DISTRIBUTION, MANUFACTURE, AND COPYRIGHT NOTICE
Place of production, publication, distribution, manufacture [مكان النشر غير محدد] :
Name of producer, publisher, distributor, manufacturer [الناشر غير محدد]،
Date of production, publication, distribution, manufacture, or copyright notice 1992.
264 #3 - PRODUCTION, PUBLICATION, DISTRIBUTION, MANUFACTURE, AND COPYRIGHT NOTICE
Place of production, publication, distribution, manufacture الرياض :
Name of producer, publisher, distributor, manufacturer مطابع دار الهلال
300 ## - PHYSICAL DESCRIPTION
Extent 359 صفحة ؛
Dimensions 24 × 17 سم
336 ## - CONTENT TYPE
Content type term نص
Content type code txt
Source rdacontent
Materials specified كتاب
337 ## - MEDIA TYPE
Media type term بدون وسيط
Media type code n
Source rdamedia
338 ## - CARRIER TYPE
Carrier type term مجلد
Carrier type code nc
Source rdacarrier
500 ## - GENERAL NOTE
General note الأصل أطروحة (ماجستير)-جامعة الإمام محمد بن سعود الإسلامية، 1988.
504 ## - BIBLIOGRAPHY, ETC. NOTE
Bibliography, etc. note ببيلوجرافية : صفحة 333-348.
520 ## - SUMMARY, ETC.
Summary, etc. يتناول كتاب (تعارض البينات في الفقه الإسلامي) والذي قام بتأليفه محمد عبد الله محمد الشنقيطي، موضوع (الفقه الإسلامي) في هذا الكتاب يبين لنا المؤلف أن الشريعة جاءت لتنظم للبشر جوانب الحياة كلها. فقد جاءت بنظام القضاء ووضعت له ضوابط ووسائل تضمن سيره حسب مستجدات العصور، فسدت باب الإختلاف والشقاق بين الناس، وشرع الله سبحانه وتعالى البينات التي هي الدرع الواقية من النزاع أولا. والدواء الشافي لما يحصل من النزاع ثانيا، فهي الوسيلة الأولى والأخيرة لفض النزاع. الكتاب دراسة تصمن العديد من المواضيع منها: القضاء ومكانته في الشريعة الإسلامية. الدعوى وصلتها بالقضاء، التعريف بالتعارض، تحقيق معنى البينة. أركان التعارض وشروطه، محل التعارض، الشهادات. علم القاضي، القرائن، بيان الخلاف في البدء بالجمع قبل الترجيح عند حصول التعارض. موقف القاضي عند عدم إمكان الجمع أو الترجيح.
650 #7 - SUBJECT ADDED ENTRY--TOPICAL TERM
Topical term or geographic name entry element الفقه الإسلامي
General subdivision مذاهب
Source of heading or term aucsh
650 #7 - SUBJECT ADDED ENTRY--TOPICAL TERM
Topical term or geographic name entry element الدعاوى والبينات (فقه إسلامي)
Source of heading or term aucsh
942 ## - ADDED ENTRY ELEMENTS (KOHA)
Source of classification or shelving scheme Dewey Decimal Classification
Koha item type Books
Suppress in OPAC No
949 ## - LOCAL PROCESSING INFORMATION (OCLC)
a SA-JeALM
d 250416
u mohamedma123
n 1
Holdings
Withdrawn status Lost status Source of classification or shelving scheme Damaged status Not for loan Home library Current library Date acquired Total checkouts Full call number Barcode Date last seen Price effective from Koha item type
    Dewey Decimal Classification     DR AbdElwahab Library DR AbdElwahab Library 04/17/2025   258 ش ن ق 000011900 04/17/2025 04/17/2025 Books
    Dewey Decimal Classification     DR AbdElwahab Library DR AbdElwahab Library 04/20/2025   258 ش ن ق 000012034 04/20/2025 04/20/2025 Books